Working Papers (Record no. 2511)
[ view plain ]
| 000 -LEADER | |
|---|---|
| fixed length control field | 00405nas a22001817i 4500 |
| 001 - CONTROL NUMBER | |
| control field | 2536 |
| 003 - CONTROL NUMBER IDENTIFIER | |
| control field | OSt |
| 005 - DATE AND TIME OF LATEST TRANSACTION | |
| control field | 20180810124856.0 |
| 007 - PHYSICAL DESCRIPTION FIXED FIELD--GENERAL INFORMATION | |
| fixed length control field | tu |
| 008 - FIXED-LENGTH DATA ELEMENTS--GENERAL INFORMATION | |
| fixed length control field | 161220b xxu||||| |||| 00| 0 d |
| 024 7# - OTHER STANDARD IDENTIFIER | |
| Standard number or code | 2535 |
| Source of number or code | RID |
| 040 ## - CATALOGING SOURCE | |
| Transcribing agency | OSt |
| 110 2# - MAIN ENTRY--CORPORATE NAME | |
| Corporate name or jurisdiction name as entry element | Instytut Finansow, Warszawa |
| Relator term | Ed. |
| 245 ## - TITLE STATEMENT | |
| Title | Working Papers |
| 260 ## - PUBLICATION, DISTRIBUTION, ETC. | |
| Place of publication, distribution, etc. | Warszawa : |
| Name of publisher, distributor, etc. | Institute of Finance. |
| 300 ## - PHYSICAL DESCRIPTION | |
| Other physical details | nicht kat. |
| 942 ## - ADDED ENTRY ELEMENTS (KOHA) | |
| Koha item type | Statistics |
| Withdrawn status | Lost status | Damaged status | Not for loan | Home library | Current library | Shelving location | Date acquired | Inventory number | Total Checkouts | Barcode | Date last seen | Price effective from | Koha item type |
|---|---|---|---|---|---|---|---|---|---|---|---|---|---|
| WIIW | WIIW | Corridor | 12/31/1840 | 2536 | 302534 | 01/26/2017 | 01/26/2017 | Book |
